000 00788nam a2200241 a 4500
001 36314
003 BD-RjUL
005 20211209052453.0
008 190407s1946 ii 000 0 eng
035 _a(BD-RjUL)36411
040 _aDLC
_cDLC
_dDLC
_dBD-RjUL
_beng
041 _aeng
043 _aa-ii---
082 _223
_a331.20460954
_bINR 1946
110 1 _aIndia.
_bLabour Investigation Committee.
_9230178
245 1 0 _aReport on labour conditions in the chemical industry /
_cIndia.Labour Investigation Committee ; by B. P. Adarkar.
260 _aDelhi:
_bManager of Publications,
_c1946.
300 _av, 72 p. ;
_c26 cm.
500 _a"Cover title."
650 0 _aChemical workers
_zIndia.
_9230179
700 1 _aAdarkar, B. P. (Bhalchandra Pundlik)
_9230186
942 _2ddc
_cRAR
999 _c36314
_d36314